Tourism in the Croatian balance of payment

Turizmus v národnej klasifikácii ekonomických aktivít. Turizmus v metodológii platobnej bilancie. Metodológia Tourism satelitte account (TSA - turistický satelitný účet). Základy metodológie. Turistický satelitný účet: Prípad Chorvátska.

Enregistré dans:
Détails bibliographiques
Auteur principal: Blaževič, Branko
Autres auteurs: Jelušič, Adriana
Format: Chapitre de livre
Langue:anglais
Sujets:
Tags: Ajouter un tag
Pas de tags, Soyez le premier à ajouter un tag!

MARC

LEADER 00000naa$a2200000$$$4500
001 0012172
005 20221128113349.2
041 0 |a eng 
044 |a SK 
245 1 0 |a Tourism in the Croatian balance of payment  |c aut. Branko Blaževič, Adriana Jelušič 
520 |a Turizmus v národnej klasifikácii ekonomických aktivít. Turizmus v metodológii platobnej bilancie. Metodológia Tourism satelitte account (TSA - turistický satelitný účet). Základy metodológie. Turistický satelitný účet: Prípad Chorvátska. 
610 2 0 |a ruch cestovný 
610 2 0 |a Chorvátsko 
610 2 0 |a bilancia platobná 
610 2 0 |a metodológia 
100 1 |a Blaževič, Branko 
700 1 |a Jelušič, Adriana